Wszyscy strzelcy bramek dla Polski w historii mistrzostw Europy - Statystyki

Ogólne statystyki
  • Ten quiz został rozwiązany 7 324 razy
  • Średni wynik to 4 z 7
Statystyki odpowiedzi
Ilość bramek Rok strzelenia pierwszej
bramki na euro
Piłkarz % Poprawnych
5 2012 Robert Lewandowski
100%
3 2012 Jakub Błaszczykowski
88%
1 2016 Arkadiusz Milik
82%
1 2024 Krzysztof Piątek
63%
1 2024 Adam Buksa
58%
1 2021 Karol Linetty
30%
1 2008 Roger Guerreiro
23%
Nie znaleziono quizów pasujących do podanych kryteriów
Rozkład punktacji
Procent ludzi z każdym wynikiem
Percentyl według liczby udzielonych odpowiedzi
Twoja historia wyników
Nie rozwiązałeś tego quizu